00274nam a2200133Ia 45000030006000000080041000060400015000471000016000622450013000782500011000912600009001025460012001110050017001230STCL150530s9999 xx 000 0 und d aSTCLcSTCL aMilne, A.A. aIf I May aFourth c1921 aEnglish20220125171146.0